NFL Where did they go to College? WR Edition - Statistics

General Stats
  • This quiz has been taken 962 times
  • The average score is 7 of 15
Answer Stats
Player College % Correct
Odell Beckham Jr LSU
97%
Julio Jones Alabama
94%
Mike Evans Texas AM
71%
Randy Moss Marshall
67%
Antonio Brown Central Michigan
60%
Dez Bryant Oklahoma St
52%
Kelvin Benjamin Florida St
49%
Allen Robinson Penn St
39%
Ashlon Jeffrey South Carolina
33%
Keenan Allen California
32%
Jordy Nelson Kansas St
30%
Doug Bladwin Stanford
24%
Eric Decker Minnesota
21%
TY Hilton Florida International
20%
John Brown Pittsburgh St
6%
No matching quizzes found
Score Distribution
Percent of People with Each Score
Percentile by Number Answered
Your Score History
You have not taken this quiz